<?xml version="1.0" encoding="UTF-8"?>
<collection xmlns="http://www.loc.gov/MARC21/slim">
<record>
  <controlfield tag="001">164033</controlfield>
  <controlfield tag="005">20251121161351.0</controlfield>
  <datafield tag="024" ind1="7" ind2=" ">
    <subfield code="2">doi</subfield>
    <subfield code="a">10.1039/d5ta04211a</subfield>
  </datafield>
  <datafield tag="024" ind1="8" ind2=" ">
    <subfield code="2">sideral</subfield>
    <subfield code="a">146284</subfield>
  </datafield>
  <datafield tag="037" ind1=" " ind2=" ">
    <subfield code="a">ART-2025-146284</subfield>
  </datafield>
  <datafield tag="041" ind1=" " ind2=" ">
    <subfield code="a">eng</subfield>
  </datafield>
  <datafield tag="100" ind1=" " ind2=" ">
    <subfield code="a">Refaat, Dalia</subfield>
    <subfield code="u">Universidad de Zaragoza</subfield>
  </datafield>
  <datafield tag="245" ind1=" " ind2=" ">
    <subfield code="a">Mixed matrix membranes of PIM-1 incorporating MOF-808 functionalized with amino acids for enhanced CO2/CH4 separation</subfield>
  </datafield>
  <datafield tag="260" ind1=" " ind2=" ">
    <subfield code="c">2025</subfield>
  </datafield>
  <datafield tag="520" ind1="3" ind2=" ">
    <subfield code="a">This study investigates the enhancement of CO2/CH4 separation performance in mixed matrix membranes (MMMs) by incorporating amino acid-functionalized MOF-808 (MOF-808@AA; AA = Lys, Arg and Cys) into a polymer of intrinsic microporosity (PIM-1) matrix. MMMs containing 10 wt% MOF-808@AA were fabricated via solution casting. The structural and physicochemical properties of PIM-1, MOF-808@AA, and the resulting MMMs were characterized using 1H-NMR, FTIR, TGA, SEM, XRD, SAXS, N2/77 K and CO2/15 °C isotherms, and high-pressure CO2 adsorption. Collectively, the characterization results confirm the successful incorporation of MOF-808@AA into the PIM-1 membranes, with no detectable alteration of the nanostructure of the PIM-1 matrix. Gas separation measurements revealed a notable increase in both CO2 permeability and CO2/CH4 selectivity upon incorporation of MOF-808@AA fillers. Among the tested membranes, the PIM-1/MOF-808@Lys MMM functionalized with lysine exhibited the best performance, achieving a CO2 permeability of 14 354 ± 201 Barrer and a CO2/CH4 selectivity of 26.4 ± 1.8. Aging effects were also studied, showing a reduction in CO2 permeability accompanied by a slight increase in selectivity over time. In addition, the single and mixed gas experiments at elevated pressures (up to 6 bar) showed that CO2 permeability under mixed gas conditions was slightly higher than in single gas experiments, supporting the potential of these MMMs for application in realistic CO2/CH4 separation processes under practical operating conditions. Inelastic neutron scattering (INS) and density functional theory (DFT) calculations confirmed that CO2 molecules preferentially interact with the amino groups introduced by AA functionalization. DFT simulations further revealed that while CO2 and CH4 access similar adsorption sites, the interaction energy of CO2 with amino groups is approximately three times higher than that of CH4. These findings demonstrate that MOF-808@AA fillers can significantly enhance the CO2-philicity of PIM-1-based MMMs, offering a promising approach for efficient CO2/CH4 separation compared to pristine PIM-1 or unmodified PIM-1/MOF-808 composites.</subfield>
  </datafield>
  <datafield tag="536" ind1=" " ind2=" ">
    <subfield code="9">info:eu-repo/grantAgreement/ES/DGA/T68-23R</subfield>
    <subfield code="9">info:eu-repo/grantAgreement/ES/MICINN/CEX2023-001286-S</subfield>
    <subfield code="9">info:eu-repo/grantAgreement/ES/MICINN/PID2021-122940OB-C31</subfield>
    <subfield code="9">info:eu-repo/grantAgreement/ES/MICINN/PID2022-138582OB-I00</subfield>
    <subfield code="9">info:eu-repo/grantAgreement/EUR/MICINN/TED2021-130621B-C4</subfield>
  </datafield>
  <datafield tag="540" ind1=" " ind2=" ">
    <subfield code="9">info:eu-repo/semantics/closedAccess</subfield>
    <subfield code="a">All rights reserved</subfield>
    <subfield code="u">http://www.europeana.eu/rights/rr-f/</subfield>
  </datafield>
  <datafield tag="655" ind1=" " ind2="4">
    <subfield code="a">info:eu-repo/semantics/article</subfield>
    <subfield code="v">info:eu-repo/semantics/publishedVersion</subfield>
  </datafield>
  <datafield tag="700" ind1=" " ind2=" ">
    <subfield code="a">Yahia, Mohamed</subfield>
  </datafield>
  <datafield tag="700" ind1=" " ind2=" ">
    <subfield code="a">Martínez-Hernández, Harol David</subfield>
  </datafield>
  <datafield tag="700" ind1=" " ind2=" ">
    <subfield code="a">Jiménez-Ruiz, Monica</subfield>
  </datafield>
  <datafield tag="700" ind1=" " ind2=" ">
    <subfield code="a">Galván, Vanessa</subfield>
  </datafield>
  <datafield tag="700" ind1=" " ind2=" ">
    <subfield code="a">Petrenko, Viktor</subfield>
  </datafield>
  <datafield tag="700" ind1=" " ind2=" ">
    <subfield code="a">Fernández de Luis, Roberto</subfield>
  </datafield>
  <datafield tag="700" ind1=" " ind2=" ">
    <subfield code="a">Coronas, Joaquín</subfield>
    <subfield code="u">Universidad de Zaragoza</subfield>
    <subfield code="0">(orcid)0000-0003-1512-4500</subfield>
  </datafield>
  <datafield tag="710" ind1="2" ind2=" ">
    <subfield code="1">5005</subfield>
    <subfield code="2">555</subfield>
    <subfield code="a">Universidad de Zaragoza</subfield>
    <subfield code="b">Dpto. Ing.Quím.Tecnol.Med.Amb.</subfield>
    <subfield code="c">Área Ingeniería Química</subfield>
  </datafield>
  <datafield tag="773" ind1=" " ind2=" ">
    <subfield code="g">13, 45 (2025), 39254-39270</subfield>
    <subfield code="p">J. mater. chem. A</subfield>
    <subfield code="t">Journal of Materials Chemistry A</subfield>
    <subfield code="x">2050-7488</subfield>
  </datafield>
  <datafield tag="856" ind1="4" ind2=" ">
    <subfield code="s">2627557</subfield>
    <subfield code="u">http://zaguan.unizar.es/record/164033/files/texto_completo.pdf</subfield>
    <subfield code="y">Versión publicada</subfield>
    <subfield code="z">info:eu-repo/date/embargoEnd/2026-10-10</subfield>
  </datafield>
  <datafield tag="856" ind1="4" ind2=" ">
    <subfield code="s">2648646</subfield>
    <subfield code="u">http://zaguan.unizar.es/record/164033/files/texto_completo.jpg?subformat=icon</subfield>
    <subfield code="x">icon</subfield>
    <subfield code="y">Versión publicada</subfield>
    <subfield code="z">info:eu-repo/date/embargoEnd/2026-10-10</subfield>
  </datafield>
  <datafield tag="909" ind1="C" ind2="O">
    <subfield code="o">oai:zaguan.unizar.es:164033</subfield>
    <subfield code="p">articulos</subfield>
    <subfield code="p">driver</subfield>
  </datafield>
  <datafield tag="951" ind1=" " ind2=" ">
    <subfield code="a">2025-11-21-14:25:09</subfield>
  </datafield>
  <datafield tag="980" ind1=" " ind2=" ">
    <subfield code="a">ARTICLE</subfield>
  </datafield>
</record>
</collection>